000 02124cam a22005297a 4500
003 CHAP
005 20220817043916.0
008 030923d2002 it rn 00110 eng d
010 _a87725
011 _a88697
020 _a92-5-104826-6
020 _a92-5-104827-4
020 _a9251048258
035 _a99242
040 _cCHAP
082 0 4 _a639.30163
_bF3
110 2 _aFAO
245 1 4 _aThe living marine resources of the Western Central Atlantic
_c/ed. by Carpenter, Kent E.
260 _aRome :
_bFAO,
_c2002-
300 _av. :
_bilus.
410 0 0 _aFAO. Sociedad Americana de Ictiologistas y Herpetología
490 0 _aGuía para la identificación de especies para los fines de la pesca
490 0 _aPublicación especial
_v; 5
500 _aContenido : v.1 Introduction, molluscs, crustaceans, hagfishes, sharks, batoid fishes and chimaeras, v.2 Bony fishes part 1 (Acipenseridae to Grammatidae), v.3 Bony fishes part 2 (Opistognathidae to Molidae), sea turtles and marine mammals
590 _aBATCH-UPD
_b10
_c20130110
_lUCH01
_h0148
590 _aBATCH-UPD
_b10
_c20130110
_lUCH01
_h1252
590 _aBATCH-UPD
_b10
_c20130409
_lUCH01
_h2148
590 _aBATCH-UPD
_b10
_c20130410
_lUCH01
_h0814
590 _aBATCH-UPD
_b10
_c20130914
_lUCH01
_h1105
590 _aCONVERSION
_b10
_c20130109
_lUCH01
_h1349
650 1 4 _aCrustáceos.
_929267
650 1 4 _aFauna marina.
_939841
650 1 4 _aMamíferos marinos.
_970257
650 1 4 _aMoluscos.
_977447
650 1 4 _aRecursos marinos.
650 1 4 _aTiburón.
_9113033
650 1 4 _aTortuga de mar.
_9114334
810 0 0 _aFAO. Sociedad Americana de Ictiologistas y Herpetología
_939699
830 0 _aGuía para la identificación de especies para los fines de la pesca
_951494
830 0 _aPublicación especial
_v; 5
_992760
901 _aBK
905 _aAlejandra Carrasco M.
942 _cLIBRO
949 _a639.30163 F3
_bBC
_cFAO
_d33724000797510
_eFAO2
_fv.3
_h104600
_i99242
_sb
949 _a639.30163 F3
_bBC
_cFAO
_d33724000892048
_eFAO1
_h103982
_i99242
_sb
949 _a639.30163 F3
_bBC
_cFAO
_d33724000898110
_eFAO2
_fv.2
_h103962
_i99242
_sb
999 _c87725
_d87725